Pathyways to participatory farmer plant breeding: Stories and reflections of the community biodiversity development and conservation programme

সংরক্ষণ করুন:
গ্রন্থ-পঞ্জীর বিবরন
প্রধান লেখক: Pelegrine, Whilhemina R. [et al]
বিন্যাস: গ্রন্থ
ভাষা:Undetermined
প্রকাশিত: The Netherlands Community Biodiversity Development and Conservation Programme 2006
বিষয়গুলি:
ট্যাগগুলো: ট্যাগ যুক্ত করুন
কোনো ট্যাগ নেই, প্রথমজন হিসাবে ট্যাগ করুন!
Thư viện lưu trữ: Trung tâm Học liệu Trường Đại học Cần Thơ
LEADER 00743nam a2200193Ia 4500
001 CTU_122438
008 210402s9999 xx 000 0 und d
082 |a 631.53 
082 |b P297 
100 |a Pelegrine, Whilhemina R. [et al] 
245 0 |a Pathyways to participatory farmer plant breeding: 
245 0 |b Stories and reflections of the community biodiversity development and conservation programme 
245 0 |c Edited board: Whilhemina R. Pelegrine, Arma R. Bertuso, Caroline P. Ongleo- Magbanua 
260 |a The Netherlands 
260 |b Community Biodiversity Development and Conservation Programme 
260 |c 2006 
650 |a Plant breeding 
904 |i M.Loan 
980 |a Trung tâm Học liệu Trường Đại học Cần Thơ